000 00668cam a2200241 4500500
005 20260405003443.0
041 _afre
042 _adc
100 1 0 _ade Oliveira, Victorine
_eauthor
245 0 0 _aProudhon, frère ennemi
260 _c2022.
500 _a43
690 _aAnarchie
690 _aBourgeoisie
690 _aCommunisme
690 _aDialectique
690 _aMarx
690 _aPropriété
690 _aProudhon
690 _aSocialisme
786 0 _nPhilosophie magazine | 156 | 2 | 2022-02-01 | p. 46-46 | 1951-1787
856 4 1 _uhttps://shs.cairn.info/magazine-philosophie-magazine-2022-2-page-46?lang=fr&redirect-ssocas=7080
999 _c2067664
_d2067664